Score 0/28 Timer 06:00
4 Plays Today
% Correct
beetroot
93.8%
carrot
92.4%
potato
90.9%
basil
90.8%
peach
90.2%
apricot
89.8%
thyme
89.5%
plum
89.3%
rosemary
88.5%
oregano
88.4%
cherry
88.2%
dill
85.9%
parsnip
82.6%
nectarine
82%
% Correct
yam
80.6%
tarragon
80.1%
zucchini
79.8%
chickpea
79.2%
citron
75.9%
lentil
68.7%
ricebean
64.1%
pomelo
60.3%
okra
58.9%
calabash
57.5%
jicama
54.7%
leek
52.2%
chayote
42.1%
skirret
23.6%
Remove Ads.
Support Sporcle.
Get the best of Sporcle when you Go Orange. This ad-free experience offers more features, more stats, and more fun while also helping to support Sporcle. Thank you for becoming a member.

You're not logged in!

Compare scores with friends on all Sporcle quizzes.
OR
Log In

Sporcle TV

Today on Sporcle TV


Watch our educational content, quiz creation guides, and fun videos on Sporcle TV.

Show Comments

Extras

Top Quizzes Today


Score Distribution

Paid Content

Your Account Isn't Verified!

In order to create a playlist on Sporcle, you need to verify the email address you used during registration. Go to your Sporcle Settings to finish the process.

Report this User

Report this user for behavior that violates our Community Guidelines.

Details: